Literary Orphans Quiz Stats

 Plays Quiz Updated Feb 27, 2020

Support Sporcle.
Go Orange.
Score 0/22 Timer 08:00
0 Plays Today
Raised by: Orphan's Name % Correct
Aunt PollyTom Sawyer
57.9%
Mother & Father WolfMowgli
54.8%
Mangani apesTarzan (John Clayton)
52.8%
Henry & Emily GaleDorothy Gale
52.1%
Matthew & Marilla CuthbertAnne Shirley
48.8%
The Brandybuck ClanFrodo Baggins
45.5%
Mrs. Joe GargeryPhilip 'Pip' Pirrip
44.9%
Jean ValjeanCosette Fauchelevant
42.2%
Aunts Spiker & SpongeJames Henry Trotter
38.9%
Count OlafBaudelaire children
36.9%
Stepfather, then Aunt BetseyDavid Copperfield
32.9%
Raised by: Orphan's Name % Correct
Aunt Sarah ReedJane Eyre
27.1%
Aunt Polly (a different one)Pollyanna Whittier
24.7%
Miss MinchinSara Crewe
24.2%
Aunt Dete, then GrandfatherHeidi of the Alps
22.1%
Uncle Archibald CravenMary Lennox
21.9%
Delaware IndiansNatty 'Hawkeye' Bumppo
21.4%
The late Mr. Thomas CardewJack 'Earnest' Worthing
17.5%
Aunt CharmianBond. James Bond.
11.3%
Dr. Wilbur LarchHomer Wells
6.1%
The Abbandando FamilyVito Corleone
4.3%
Mrs. Lydia TouchettIsabel Archer
4.3%

You're not logged in!

Compare scores with friends on all Sporcle quizzes.
OR
Log In

From the Vault

UN Secretaries-General

by EasilyConfused

The official residence of the Secretary-General is a five-story townhouse in the Sutton Place neighborhood of Manhattan, but you can find them all here.
Remove Ads.
Support Sporcle.
Get the best of Sporcle when you Go Orange. This ad-free experience offers more features, more stats, and more fun while also helping to support Sporcle. Thank you for becoming a member.

Show Comments

Extras

Top Quizzes Today


Score Distribution

Your Account Isn't Verified!

In order to create a playlist on Sporcle, you need to verify the email address you used during registration. Go to your Sporcle Settings to finish the process.

Report this User

Report this user for behavior that violates our Community Guidelines.

Details: